000 00488nam a22001937a 4500
003 NUST-PNEC
005 20170116180743.0
008 150112b xxu||||| |||| 00| 0 eng d
020 _a969404320
020 _a9788185360034
040 _cPNEC
082 _a891.43915 FAT
100 _91198
_a Fathahpuri, Dr. Farman
245 _aIqbal Sab Ke Liye (Urdu)
260 _aKarachi :
_bKarachi University,
_cc1999.
300 _a527 p. :
_c22 cm.
650 _xGeneral
942 _2ddc
_cBK
999 _c62283
_d62283